[Event "Julian Borowski-A 3rd"]
[Site "Essen"]
[Date "2001.05.02"]
[Round "1"]
[White "Nijboer, Friso"]
[Black "Dautov, Rustem"]
[Result "0-1"]
[WhiteElo "2580"]
[BlackElo "2631"]
[Annotator "Lukacs,P"]
[PlyCount "71"]
[EventDate "2001.05.02"]
[EventType "tourn"]
[EventRounds "9"]
[EventCountry "GER"]
[EventCategory "15"]
[SourceTitle "CBM 083"]
[Source "ChessBase"]
[SourceDate "2001.07.05"]
[SourceVersion "1"]
[SourceVersionDate "2001.07.05"]
[SourceQuality "1"]

1. e4 {[%mdl 4] Dautov} c6 2. d4 d5 3. e5 Bf5 4. Nf3 e6 5. Be2 Nd7 6. O-O Bg6
7. a3 $5 {'N' Dautov. Since White's main plan is to play c4, this move doesn't
help much for that. Dautov: 'Ein neuer Zug. Versucht wurde hier bisher u.A. 7.
c3 und 7.Nbd2.'} (7. c3 {is unpretentious.} Nh6 {keeping the f8-a3 /^ open.} 8.
Re1 (8. Nbd2 Be7 9. Re1 O-O 10. Nf1 Nf5 {- 8.Re1}) 8... Nf5 9. Nbd2 Be7 10. b3
(10. Nf1 O-O 11. Ne3 {The exchanges on f5 help for Black.} c5 12. Bd3 Nxe3 13.
Bxe3 cxd4 14. cxd4 Rc8 15. Bxg6 hxg6 16. Qd3 {The position has some
similarities to the Slav.} Nb8 {improving the N's position.} 17. a3 Re8 18.
Red1 Qb6 19. Rab1 Rc6 20. Bg5 Bf8 {This is the "good" B because of the P
structure, so Black wants to keep it.} 21. Bd2 Rec8 22. h4 Qa6 $11 {
Gallagher-P.Schlosser,GER 1997}) 10... O-O {Black has successfully finished
the development, and gets counterplay after c6-c5.} 11. Bb2 c5 $11 {-
Lutz-Dautov, GER-chT 1997 CBM 63}) (7. c4 {immediately allows Black to build
up a stronghold on d5.} dxc4 $1 8. Bxc4 Nb6 9. Be2 Ne7 10. Nc3 Ned5 {The N is
wonderful here blockading the backward P.} 11. Bd3 Be7 12. Bxg6 fxg6 $5 (12...
hxg6) 13. Ne4 O-O 14. Ne1 Nf4 15. Be3 Nbd5 $13 {Magomedov-Rogers, Yerevan 1996}
) (7. Nbd2 Ne7 (7... Nh6) 8. c3 (8. c4 {is again hazaedous because >< d5
remains in Black's hand.} dxc4 9. Nxc4 Nd5 10. Bg5 Qc7 11. Rc1 h6 12. Bh4 N7b6
13. b3 Nf4 14. Bg3 Nbd5 15. Ne3 Nxe3 16. fxe3 Nd5 17. Bf2 Ba3 $17 {J.
Polgar-Arlandi, Jakarta 1996}) 8... Nf5 $13) (7. Na3 $6 {misplaces the N.} Nh6
(7... Ne7 $5) 8. c4 Nf5 9. c5 {White cannot hold his vanguard on c5 because of
the bad a3 N.} h5 10. Nc2 a5 11. Bf4 b6 {White's space advantage is vanishing
soon.} 12. cxb6 Qxb6 13. b3 c5 {blowing up White's [+] completely.} 14. dxc5
Bxc5 15. Bd3 Ne7 16. h3 h4 17. Rb1 Bxd3 18. Qxd3 Nf5 $11 {D.Herman-Slipak,
Buenos Aires 1998}) (7. Nfd2 $6 {is rather sophysticated.} Nh6 8. c4 Be7 (8...
Nf5 $5) 9. c5 Nf5 $1 (9... O-O 10. b4 f6 11. Nb3 Nf7 (11... fxe5 12. Bxh6 gxh6
13. dxe5 Nxe5 14. Nd4 Rf6 $13) 12. f4 $142 {keeping White's space advantage.} (
12. Bf4 {cannot hold >< e5 for long.} Be4 (12... fxe5 13. dxe5 Nfxe5 {
immediately is punished by} 14. Nd4 $1) 13. N1d2 g5 $5 (13... fxe5 14. dxe5
Nfxe5 15. Bxe5 Nxe5 16. Nxe4 dxe4 17. Qc2 $44) 14. exf6 Bxf6 {So Black has
eliminated the strong e5 P.} 15. Bg3 (15. Nxe4 $5 gxf4 16. Nxf6+ Qxf6) 15...
Bg6 16. Nf3 e5 $11 {Sutovsky-Slipak, Villa Martelli 1997})) 10. Nf3 O-O $13) (
7. Be3 {The B is usually badly placed here.} Nh6 8. Nbd2 Nf5 (8... Be7 $5 9.
Bxh6 (9. Re1 Nf5 10. Bf4 {White's setup lacks harmony.} O-O 11. g4 Nh4 12. Nxh4
Bxh4 13. Nf3 Be7 14. Bd3 c5 $15 {Bernardo-Slipak, Mar del Plata 1997}) 9...
gxh6 {Black is not afraid of his corrupted P structure, because of the ^^, <->
g and quick development.} 10. c4 O-O 11. Kh1 (11. cxd5 cxd5) 11... f6 $1 12.
exf6 Bxf6 13. Qb3 (13. Re1) 13... Qb6 $11 {Klimpel-M.Tseitlin, Wiesbaden 1996})
9. Bg5 Qb6 10. Nb3 c5 11. c4 $5 (11. dxc5 Nxc5 $11) 11... dxc4 12. Bxc4 cxd4
13. Nbxd4 Nxd4 14. Nxd4 Bc5 $15 {Solak-Hellsten, Halle 1995}) (7. b3 $142 {
This is the consistant plan preparing for c2-c4.} Nh6 8. c4 (8. Bb2 {is not
important at all.} f6 $1 9. exf6 Qxf6 10. Ne5 Nxe5 11. dxe5 Qh4 12. Nd2 Bc5 13.
Nf3 Qe7 14. Bc1 Nf5 15. c3 O-O $17 {Schoenberger-Doettling, Schwaebisch Gmuend
2000}) 8... Nf5 (8... Be7 9. Nc3 O-O 10. Bb2 a6 {Black is playing rather
passively.} 11. Qd2 Bh5 12. Rad1 Kh8 13. Ne1 Bxe2 14. Qxe2 Nf5 15. Nc2 f6 16.
exf6 Rxf6 17. Ne3 $14 {Luther-Kachiani Gersinska Bad Wiessee 1998}) 9. Nc3 (9.
Bg5 Be7 10. Bxe7 Qxe7 {helps only for Black to finish his development and blow
up White's [+] by f7-f6.} 11. c5 O-O 12. b4 Bh5 13. Nc3 Bxf3 14. Bxf3 f6 $15 {
Calzetta Ruiz-Piankov, Linares 2000}) (9. Bb2 Be7) 9... Bb4 (9... a6 $6 {
is again too slow:} 10. g4 $1 Nh4 11. Nxh4 Qxh4 12. f4 Bb4 13. Bd2 h5 14. g5
Bxc3 15. Bxc3 Be4 16. Rc1 Nf8 17. cxd5 exd5 18. Bd3 $18 {Smirin-Blocker,
Philadelphia 1996}) (9... Be7 10. Bb2 O-O 11. g4 $5 (11. Qd2 a6 $6 {is again
slow.} 12. c5 $1 b6 13. b4 a5 14. a3 {White can keep his space advantage on
the <<.} Qb8 15. h3 h5 16. Bd3 Nh4 17. Nxh4 Bxd3 18. Qxd3 Bxh4 19. Rab1 axb4
20. axb4 b5 21. f4 g6 (21... Be7 $2 22. f5 $16 {Kallai-Metz, Budapest 1995})
22. g4 $1 hxg4 23. hxg4 $14 {with a huge space advantage on both flanks.})) 10.
Bb2 (10. Bd2 O-O 11. a3 Be7 12. g4 Nh6 13. h3 Kh8 14. Be3 Ng8 15. Qd2 f6 $13 {
Lane-Rogers, Suncoast 1999}) 10... O-O 11. a3 Ba5 $5 (11... Be7 12. cxd5 cxd5
13. g4 $1 (13. Bd3 Rc8 14. Ne2 Nh4 {Black is happy to exchange the
light-squared B.} 15. Nxh4 Bxh4 16. f4 Qc7 17. Rc1 Qb6 18. Bxg6 fxg6 {fighting
against f4-f5} 19. Qd3 Be7 20. Rxc8 Rxc8 21. g3 Nb8 $11 {Flores-Gomez Baillo,
Buenos Aires 1999}) 13... Nh6 14. Ne1 f6 15. exf6 gxf6 (15... Bxf6 16. f4 $16)
16. h4 f5 17. g5 Bxg5 {This piece sacrifice doesn't solve Black's problems.}
18. hxg5 Qxg5+ 19. Ng2 f4 20. Qd2 Rf7 {(Wahls-Rogers, GER-chT 1996 )} 21. Rae1
Kh8 22. Bf3 $16 {parrying all the threats.}) 12. Rc1 a6 13. b4 Bc7 14. cxd5 (
14. c5 $5 f6) 14... cxd5 15. Bd3 Nb6 {>< c4} 16. Ne2 Ne7 17. Nf4 Bxd3 18. Qxd3
Nc4 $11 {Zarnicki-Slipak, Villa Gisel 1998}) 7... Nh6 $1 8. Nbd2 Be7 9. c4 (9.
b3 O-O 10. Bb2 Nf5 11. Re1 c5 $11) 9... O-O 10. b3 ({Von} 10. b4 {Dautov nahm
Friso Abstand wegen} a5 $1 11. b5 c5 $132) 10... f6 $1 {This is Black's main
counterplay. Dautov: 'Nach diesem typischen Befreiungszug bekommt Schwarz ein
gutes Spiel.'} (10... Nf5 11. Bb2) 11. Bb2 (11. exf6 {gives more freedom for
the black pieces.} Bxf6 12. Bb2 Nf5 $11 (12... Nf7 $5 13. Re1 e5 14. cxd5 cxd5
15. dxe5 Ndxe5 16. Nd4 Qb6 $13)) 11... fxe5 (11... Nf7 $6 {is strongly met by
the forceful} 12. Nh4 $1 fxe5 13. Nxg6 hxg6 14. Bg4 $1 $16) (11... Nf5 12. g4 (
12. exf6 Bxf6) 12... Nh6 13. exf6 Bxf6 14. h3 Nf7 {/\ e5}) 12. dxe5 Nf5 13. b4
$6 {This creates only a target on >< b4.} (13. g4 $5 {was the logical plan
followed by Nd4 invading the [+].} Nh4 $142 (13... Nh6 $6 14. Nd4 Nc5 (14...
Bf7 15. cxd5 cxd5 16. f4 $14) 15. b4 Qb6 16. Bc3 $16) 14. Nd4 Bf7 15. f4 (15.
cxd5 {Dautov} cxd5 16. f4 Qb6 $13) 15... Qb6 16. cxd5 cxd5 17. b4 $13) 13... a5
$1 {Black immediately attacks the weakness on b4.} 14. Qb3 (14. g4 $6 Nh4 15.
Nd4 Bf7 $15) (14. b5 {Dautov} Qb6 $11) 14... Bh5 {'!' Dautov. Dautov:
'Verhindert die lästige Möglichkeit g2-g4 und verstärkt die Idee Qd8-b6.'} 15.
Rad1 (15. Rfe1 {Dautov} Bxf3 16. Bxf3 (16. Nxf3 {Dautov} Qb6 {><b4}) 16... Bg5
17. Rad1 $2 (17. Qc2 {Dautov} Bf4 $36) 17... Bxd2 18. Rxd2 Qg5 $15 {/\Nh4})
15... axb4 16. axb4 Qb6 ({Zu früh wäre} 16... Bxf3 $2 {Dautov} 17. Nxf3 Qb6 18.
g4 $1 Nh4 19. Nd4 Nxe5 20. c5 $16) 17. c5 {[#]} Bxf3 $1 {[%mdl 512] '!!'
Dautov. This is a very nice intermediate move solving Black's problems. Dautov:
'Aber jetzt kommt dieser Zwischenzug gerade richtig!'} ({The light-hearted} 
17... Qc7 {allows White to keep his space advantage after} 18. h3 Bxf3 19. Nxf3
$14 b6 20. g4 Nh4 21. Nd4 Qxe5 22. Rde1 $13) 18. Bxf3 $6 {White clearly
overestimates his position.} (18. cxb6 Bxe2 19. Rfe1 (19. g4 {Dautov} Nh4 $15 {
><b6,b4,g4 Trotzdem wäre es noch das kleinste Übel für Weiß.}) (19. Ne4 {Dautov
} Bxf1 20. Rxf1 Ra6 21. Nd6 Rxb6 $15) 19... Bxd1 20. Rxd1 Nxb6 $44 {gives
Black a good play for the Q, but perhaps not more than that..}) 18... Qc7 {
'-/+' Dautov.} 19. Nc4 $6 {'?' Dautov. Following the wrong plan. Dautov: 'Va
banque gespielt.'} (19. Rfe1 b6 $15 20. cxb6 Qxb6 21. Bc3 Nd4 22. Qb2 (22. Bxd4
{Dautov} Qxd4 23. Nc4 Qf4 $17) 22... Nb5 (22... Rf4 $5 {Dautov}) 23. Nc4 Qb8
$17) 19... b6 $1 {'?' Dautov. Now White's stronghold is vanishing. Dautov:
'Nach ausführlichem Nachdenken beschloß ich, das Opfer abzulehnen. Nicht weil
ich große Gefahren für mich sah, sondern aus den psychologischen Gründen.
Nijboer ist als ein Angriffsspieler bekannt. Warum sollte ich ihm die
Angriffsmöglichkeit geben, wenn mir eine sichere und gute Fortsetzung zur
Verfügung steht?'} (19... dxc4 20. Qxc4 Kf7 {'!' Dautov.} 21. Rfe1 (21. g4 {
Dautov} Nh4 22. Be2 {/\Qe6} b5 $1 (22... Nxe5 {Dautov} 23. Qe4 Neg6 24. f4 $40)
23. Qe4 (23. Qd3 {Dautov} Nxe5 24. Qg3 Bf6 $19) 23... Kg8 (23... Ra4 $5 {Dautov
}) 24. Rd6 Bxd6 25. exd6 Qc8 26. Qxe6+ Rf7 $19) (21. Rd6 {Dautov} Bxd6 22. exd6
Qd8 23. Re1 Re8 $19) 21... Rfd8 22. Rd6 Nf8 $1 $17) 20. cxb6 (20. Nxb6 Nxb6 21.
cxb6 Qxb6 22. Bc3 c5 $17) (20. Nd6 {Dautov} bxc5 21. Nxf5 Rxf5 22. Bg4 Rf4 23.
Bxe6+ Kh8 $17) 20... Nxb6 21. Ne3 (21. Nxb6 {- 20.Nb6}) (21. Na5 {Dautov} c5
22. bxc5 Qxc5 23. Nb7 Qc7 $17) 21... Nxe3 22. fxe3 {Dautov: ><b4, e5, e3} Nc4 {
The weaknesses of >< b4,e5,e3 are difficult to defend, White's ^^ is worth of
nothing.} 23. Bg4 Rxf1+ 24. Kxf1 (24. Rxf1 $2 Nd2) 24... Rb8 $1 {Dautov: 'Der
beste Zug. Weiß verliert nicht nur den Bauern b4, sein Doppelbauer "e" ist
ebenfalls sehr gefährdet.'} 25. Bxe6+ Kh8 26. Bd4 {'(+)' Dautov.} (26. Qc3 {
Dautov} Bxb4 27. Qc1 Qe7 28. Bh3 Qg5 29. Bd4 c5 $19) (26. Ba1 {Dautov} Bxb4 27.
Qd3 Nxe5 $17) 26... Bxb4 27. Qd3 $2 {This is the final mistake. Dautov: 'Ein
Fehler in Zeitnot.'} (27. Kg1 Nxe5 28. Qc2 Qd6 {and Black is a healthy P up.})
(27. Kg1 $142 $17 {Dautov}) 27... Nxe5 $19 28. Qc2 Nc4 29. Kg1 Bd6 {'(+)'
Dautov.} (29... Qe7 $1 {Dautov} 30. Bh3 c5 $19) 30. Rf1 {'?' Dautov.} (30. h3
c5 31. Bxd5 Na3 $19) (30. e4 $1 {Dautov} Bxh2+ 31. Kh1 $17) 30... Bxh2+ 31. Kh1
Be5 {'-+' Dautov.} 32. Qf5 Qd6 33. Qf7 Bxd4 34. exd4 Nd2 35. Rf4 Ne4 36. Qf5
0-1

[Event "Julian Borowski-A 3rd"]
[Site "Essen"]
[Date "2001.05.06"]
[Round "5"]
[White "Dautov, Rustem"]
[Black "Smagin, Sergey"]
[Result "1-0"]
[WhiteElo "2631"]
[BlackElo "2613"]
[Annotator "Dautov,R"]
[PlyCount "87"]
[EventDate "2001.05.02"]
[EventType "tourn"]
[EventRounds "9"]
[EventCountry "GER"]
[EventCategory "15"]
[SourceTitle "CBM 083"]
[Source "ChessBase"]
[SourceDate "2001.07.05"]
[SourceVersion "1"]
[SourceVersionDate "2001.07.05"]
[SourceQuality "1"]

1. d4 {Tsesarsky} Nf6 2. Nf3 d5 3. c4 e6 4. Bg5 {Diese ungewöhnliche
Zugreihenfolge hatte den Zweck, die Cambridge Springs-Variante (4.Nc3 c6 5.Bg5
Qa5) zu vermeiden, die Smagin sehr häufig und erfolgreich anwendet.} c6 5. Nbd2
{Tsesarsky: 'This move is more passive than regular Nc3, but White avoids well
investigated long theoretical variations.'} Be7 (5... Nbd7 6. e3 Be7 (6... Qa5
7. a3 $14) 7. Bd3 O-O 8. O-O b6 9. cxd5 cxd5 (9... exd5 $6 10. Qc2 Bb7 11. Ne5
$36) 10. Rc1 Bb7 11. Qa4 a6 12. Qb3 Bd6 13. Rc3 h6 14. Bh4 Qb8 15. Bxf6 gxf6
16. Rfc1 $14 {Karpov,A-Ljubojevic,L/Wijk aan Zee 1988}) (5... h6 6. Bxf6 Qxf6
7. e3 (7. g3 $14) 7... Nd7 8. Bd3 $14) ({interesting also} 5... Nbd7 $5 {
[%cal Gb7b6,Gc6c5] Tsesarsky}) 6. e3 (6. Qc2 {Tsesarsky} O-O {[%cal Ge2e4]} 7.
e3 (7. e4 $2 {Tsesarsky} Nxe4 8. Bxe7 Qxe7 9. Nxe4 dxe4 10. Qxe4 Qb4+ $17) 7...
Nbd7 8. Bd3 h6 9. Bh4 dxc4 10. Bxc4 (10. Nxc4 $5 {Tsesarsky}) 10... a6 11. O-O
b5 12. Be2 Bb7 13. Nb3 Rc8 14. Nc5 Nxc5 15. dxc5 Nd7 16. Bxe7 Qxe7 17. b4 $14 {
1/2-1/2 Opocensky,K-Foltys,J/Prague 1943/EXT 98 (61)}) 6... O-O (6... Ne4 {
Tsesarsky} 7. Bxe7 Qxe7 8. Bd3 f5 9. Ne5 O-O 10. O-O c5 (10... Nd7 {Tsesarsky}
11. Ndf3 Ng5 12. Nxg5 Qxg5 13. f4 Qe7 14. Nf3 $14 {0-1 Petrosian,T-Mukhitdinov,
M/Tashkent 1951/MCD (40)}) 11. Nb3 cxd4 12. exd4 dxc4 13. Bxc4 Nd7 14. Rc1 Nd6
15. Re1 $14 {1-0 Kotov,A-Sajtar,J/Moscow 1946/MCL (37)}) (6... Nbd7 {Tsesarsky}
7. a3 O-O (7... Nh5 {Tsesarsky} 8. Bxe7 Qxe7 9. Bd3 Nhf6 10. Qc2 O-O 11. O-O g6
12. Rfe1 e5 13. cxd5 Nxd5 14. Bc4 $14 {1-0 Rantanen,Y-Koskinen,H/FIN 1993/EXT
98 (49)}) 8. Qc2 h6 9. Bh4 Nh5 10. Bxe7 (10. Bg3 {Tsesarsky} Nxg3 11. hxg3 Bf6
12. cxd5 cxd5 13. Be2 e5 14. dxe5 Nxe5 15. Nxe5 Bxe5 16. Nf3 Bf6 17. Rd1 Qb6
$11 {1/2-1/2 Opocensky,K-Kottnauer,C/Prague 1946/MCD (42)}) 10... Qxe7 11. Bd3
$14) 7. Bd3 (7. Rc1 {Tsesarsky} b6 8. Bd3 Bb7 9. cxd5 cxd5 10. O-O Ne4 11. Bxe7
Qxe7 12. Qc2 $14 {1-0 Hebden,M-Bern,I/Cappelle la Grande 1995/EXT 97 (38)})
7... h6 (7... b6 {Tsesarsky} 8. O-O Bb7 9. cxd5 cxd5 10. Ne5 Nfd7 11. Bxe7 (11.
Qh5 $6 {Tsesarsky} g6 $1 12. Nxg6 fxg6 13. Bxg6 hxg6 14. Qxg6+ Kh8 15. Qh6+ Kg8
16. Qg6+ Kh8 {1/2-1/2 Beliavsky,A-Sveshnikov,E/Ashkhabad 1978/MCL/[Bulletin] 
(16)}) 11... Qxe7 12. f4 $1 $14) (7... Nbd7 {Tsesarsky} 8. Qc2 h6 9. h4 c5 10.
O-O-O b5 11. cxd5 c4 12. d6 cxd3 13. Qc6 hxg5 14. dxe7 Qxe7 15. hxg5 $16 {
1-0 Hicker,H-Hlavnicka,J/Schwarzach 1997/EXT 99 (18)}) 8. Bh4 b6 {'!?'
Tsesarsky.} (8... c5 9. O-O (9. dxc5 $1 {Tsesarsky} Na6 10. Nb3 Nxc5 11. Nxc5
Bxc5 12. O-O dxc4 13. Bxc4 {[%csl Rc8][%cal Gh4d8]} Qe7 {[%cal Gc8d7,Gf8d8,
Gb7b6] and Black successfully newtralizes White's development advantage.} 14.
Ne5 (14. Qc2 {Tsesarsky} b6 15. Rad1 Bb7 16. Ne5 g5 17. Bg3 Rfd8 $11) 14... Rd8
$11) 9... cxd4 10. exd4 Nc6 11. Rc1 b6 12. a3 $14 (12. Bb1 {Tsesarsky} Bb7 13.
Re1 Rc8 14. a3 dxc4 15. Nxc4 Na5 16. Qd3 Re8 17. Bxf6 Bxf6 18. Nce5 Kf8 $132 {
0-1 Hartston,W-Hamann,S/Ribe 1979/EXT 98 (50)})) 9. O-O Bb7 10. Rc1 Nbd7 {
Schwarz hat sich logisch aufgebaut. Sein Tempoverlust (c7-c6 und c6-c5) wird
durch die etwas ungünstige Position des weißen Springers auf d2 kompensiert.}
11. cxd5 exd5 (11... cxd5 12. Qa4 a6 13. Qb3 $14 (13. Bg3 {Tsesarsky} b5 14.
Qc2 $14 {1-0 Markos,J-Nagy,A/Nove Zamky 1999/EXT 2000 (30)})) 12. Bf5 $146 Re8
(12... c5 13. Qa4) 13. Qb3 {Wird von Smagin energisch beantwortet.} ({Genauer
war} 13. Qa4 $1 {,z.B,} c5 14. Rfd1 (14. Ne5 Nxe5 15. dxe5 Nh7 16. Bxe7 Qxe7
17. f4 $13) 14... a6 15. dxc5 bxc5 16. Nb3 $1 $14) 13... a5 $1 14. Ne5 a4 $1 {
'!?' Tsesarsky.} (14... Nxe5 {Tsesarsky} 15. dxe5 Nd7 16. e6 (16. Bxe7 {
Tsesarsky} Qxe7 17. f4 a4 18. Qc2 {-like in this game.}) 16... fxe6 (16... Bxh4
{Tsesarsky} 17. exd7 Re5 18. Bh3 $14 {[%csl Gd7]}) 17. Bxe6+ Kh8 18. Bxe7 Rxe7
19. Bf5 Nc5 $132) 15. Qc2 Nxe5 16. dxe5 Nd7 17. Bxe7 (17. e6 $2 fxe6 18. Bxe6+
Kh8 19. Bxd7 (19. Bxe7 {Tsesarsky} Qxe7 20. Bf5 Nc5 $132) 19... Qxd7 20. Bxe7
Qxe7 21. Nf3 c5 $15) 17... Qxe7 18. f4 c5 $6 {'+/=?!' Tsesarsky. Nach diesem
schablonenhaften Zug ereicht Weiß eine günstige Zentrumsformation. Zum
gleichen Spiel führte 18...Nc5 oder 18...f6.} (18... Nc5 $11 {/\} 19. e4 (19.
Nf3 {Tsesarsky} Bc8 (19... f6 $2 {Tsesarsky} 20. Bg6 Red8 21. Nh4 $16) 20. Nd4
Bxf5 21. Nxf5 Qd7 22. Rfd1 Red8 23. Nd6 $132) 19... Rad8 $1) (18... f6 19. e4
$5 (19. Bxd7 Qxd7 20. exf6 Rxe3 21. fxg7 Qxg7 $11) (19. Nf3 fxe5 20. Bxd7 Qxd7
21. Nxe5 Qe6 22. Rf3 c5 23. Rg3 $11) 19... fxe5 20. exd5 cxd5 21. Qc7 Nf8 22.
fxe5 Ba6 $11) 19. e4 {'!' Tsesarsky.} g6 (19... d4 $2 20. Nc4 Ba6 21. Bxd7 Bxc4
22. Bxe8 Bxf1 23. Bc6 (23. Bxf7+ {Tsesarsky} Qxf7 24. Rxf1 Qxa2 25. f5 a3 26.
f6 axb2 27. Qd3 Qf7 $19) 23... Rc8 24. Rxf1 (24. Qxa4 {Tsesarsky} Be2 25. Bd5
$14) 24... Rxc6 25. Qxa4 $16) (19... Nf8 $5 20. exd5 Bxd5 21. Be4 Bxe4 22. Qxe4
$1 (22. Nxe4 Ne6 23. Nd6 Red8 24. Qc4 Nd4 25. Rce1 Qe6 $11) 22... Rad8 23. Nf3
b5 24. f5 $14) (19... dxe4 $144 {Tsesarsky} 20. Nxe4 $14 {[%cal Ge4d6]}) 20.
Bh3 Nf8 (20... a3 21. bxa3 d4 $2 (21... Rxa3 22. exd5 Bxd5 23. Nc4 $14) 22. Nc4
Ba6 23. Bxd7 Bxc4 24. Bxe8 Bxf1 25. Bxf7+ Qxf7 26. Rxf1 Rxa3 27. Qb2 $16) 21.
exd5 Bxd5 {Tsesarsky: 'Here White can choose between two N jumps'} 22. Nc4 (22.
Ne4 $144 {Tsesarsky} Bxe4 23. Qxe4 {Like in the game, White can fulfill plan
of PP promotion on the kingside.} Ne6 24. Bxe6 (24. Rfd1 {Tsesarsky} Nd4 $11)
24... Qxe6 25. a3 Ra7 (25... Qb3 {Tsesarsky} 26. f5 g5 27. e6 $16) 26. Rce1 Rd7
27. f5 $1 (27. Qxa4 {Tsesarsky} Rd2 28. f5 gxf5 29. Rxf5 Qxf5 30. Qxe8+ Kg7 31.
Rf1 Rxg2+ 32. Kxg2 Qg4+ 33. Kh1 Qe4+ 34. Kg1 Qg4+ 35. Kf2 Qf4+ 36. Ke2 Qe4+ 37.
Kd2 Qd4+ 38. Ke2 $11) 27... gxf5 28. Rxf5 Rd4 29. Qf3 Qb3 30. Qh5 $14) 22...
Bxc4 23. Qxc4 $14 {Tsesarsky: 'This position can be evaluated only to White's
favour in veiw of PP Attack on the kingside.'  Der leichte weiße
Stellungsvorteil besteht hauptsächlich in der Möglichkeit, mit f4-f5 einen
Angriff auf dem Königsflügel zu starten.} a3 (23... Ne6 $2 24. f5 {'!'
Tsesarsky.} gxf5 (24... b5 25. Qxb5 $16) (24... Ng5 25. fxg6 $16 Nxh3+ 26. gxh3
Rf8 27. gxf7+ Rxf7 28. Rf6 Ra7 29. Rcf1 $18) 25. Bxf5 Nd4 26. Bb1 Qe6 27. Qd3
Qg6 28. Qxd4 $1 $16) (23... Red8 24. f5 Rd4 25. Qe2 Rad8 26. e6 (26. fxg6 Nxg6
(26... fxg6 $2 27. e6 $16) 27. e6 fxe6 28. Bxe6+ Kh8 $13) (26. Rce1 $5) 26...
gxf5 27. exf7+ Qxf7 28. Rxf5 $40) 24. bxa3 Rxa3 $138 {In diesem Augenblick
hatte Sergei nur 6-7 Minuten bis zur Zeitkontrolle, was seine Verteidigung
erheblich erschwerte.} 25. f5 {'!' Tsesarsky.} g5 $2 $16 {Tsesarsky: 'after
this mistake the strong PP pair e5 and f5 will weaken black K fortress.'  Mit
Sicherheit nicht die beste Verteidigung, aber Smagins Aufgabe war in jedem
Fall nicht leicht.} (25... b5 $2 26. Qxc5 Rxa2 27. Qd5 $40) (25... Re3 26. e6
$5 (26. Rb1 Rxe5 27. fxg6 Nxg6 28. Rxb6 Kg7 $14) 26... fxe6 27. f6 Qf7 28. Qf4
Re2 29. Qxh6 Rxa2 30. Rc4 $40) (25... gxf5 26. Rxf5 $40 (26. Bxf5 {Tsesarsky}
Qxe5 27. Bg6 $1 {[%csl Rf7]} Re7 28. Bxf7+ Kh8 29. Rcd1 $14) 26... Ne6 $1 (
26... Ng6 {Tsesarsky} 27. Re1 Qe6 28. Qe4 Qe7 29. Re2 Rc3 30. Qb1 $14 {[%cal
Ge5e6]}) 27. Rh5 (27. Rf6 {Tsesarsky} Ng5 28. Rxh6 Qxe5 $17) 27... Nd4 28. e6 (
28. Rxh6 {Tsesarsky} b5 $19 {[%cal Ge7g5]}) 28... fxe6 29. Re1 (29. Rxh6 {
Tsesarsky} b5 30. Qxc5 Qxc5 31. Rxc5 Rxa2 32. Rc7 Ne2+ 33. Kf1 Nf4 $11)) (25...
Qxe5 $4 {Tsesarsky} 26. fxg6 $18) 26. e6 ({Noch besser war es, in der
gegnerischen Zeitnot die Spannung aufrechtzuerhalten.} 26. Rce1 $1 Qa7 27. e6
$16) 26... Qf6 $1 (26... fxe6 {Tsesarsky} 27. fxe6 (27. f6 {Tsesarsky} Qf7 28.
Bg4 Rea8 29. Rc2 R8a4 30. Qe2 Rf4 $132) 27... Nxe6 (27... Rxh3 {Tsesarsky} 28.
gxh3 Qxe6 29. h4 b5 30. Qxe6+ Nxe6 31. hxg5 hxg5 32. Rce1 $16) 28. Rce1 Rxh3
29. gxh3 $16) 27. Bg4 (27. Rb1 $5 fxe6 28. Rxb6 Qd4+ 29. Qxd4 cxd4 30. fxe6 $16
Rxa2 $2 31. e7 $18) 27... Re7 28. Rcd1 ({Premature is} 28. exf7+ $6 $14 {
Tsesarsky} Qxf7 29. f6 (29. Be2 {Tsesarsky} Rae3 30. Qxf7+ Kxf7 31. f6 R7e4 32.
Bh5+ Kg8 33. Rb1 $14) 29... Qxc4 30. fxe7 (30. Rxc4 {Tsesarsky} Rc7 31. Rf2 b5
32. Re4 $14) 30... Qd4+ 31. Kh1 Ra8 32. Rcd1 Ng6 $8 33. Rxd4 cxd4 34. Be6+ Kh8
35. Rd1 Nxe7 36. Rxd4 Kg7 37. g4 $14) 28... Kg7 ({Or} 28... Rc3 {Tsesarsky} 29.
Qd5 $16) 29. Rd6 Rc3 ({In case of} 29... fxe6 {Tsesarsky} 30. Rxb6 ({Not} 30.
fxe6 $2 {Tsesarsky} Qe5 31. Rxb6 Re3 $132) 30... Rc3 31. Qa6 $1 $16 {White
keeps an advantage.} ({Not} 31. Qe4 $2 {Tsesarsky} exf5 $1 32. Rxf6 Rxe4 33.
R6xf5 Rxg4 34. Rxf8 Ra4 $11)) 30. Qd5 $6 $138 {Selbst allmählich in Zeitnot
geraten, handele ich nicht optimal.} ({Viel unangenehmer wäre für Schwarz die
Verteidigung mit den Damen auf dem Brett:} 30. Qe2 $1 $16 {/\Qd2, exf7}) 30...
fxe6 31. fxe6 Qd4+ 32. Qxd4+ cxd4 33. Rxd4 {Tsesarsky: 'Here Black could
choose between wrong'} Re3 {'+-?' Tsesarsky.} ({and right} 33... Nxe6 $1 {
Tsesarsky} {White can take P after} 34. Rd6 ({Now Ne6 pin doesn't bring
nothing to White:} 34. Re4 {Tsesarsky} Rc6 35. a4 Rd6 36. g3 (36. Bd1 {
Tsesarsky} Ra7) 36... Kg6 37. Rfe1 Kf6 38. R1e2 Re8 39. h3 Re7 40. Kf2 Rc6)
34... Nf4 35. Rxb6 Rc2 36. g3 Ne2+ 37. Kg2 Rxa2 38. Rf2 Nc3 39. Rxa2 Nxa2 40.
Bf5 Re5 41. g4 Nc3 42. Rg6+ Kf7 43. Rxh6 Nd1 44. Bd3 $16 {Of course, White has
advantage, but maybe unsufficient for winning because of law quantity of
material.}) 34. Rb4 Nxe6 35. Rxb6 {Im Endspiel hat Weiß gute Gewinnchancen.}
Nf4 36. g3 (36. a4 $5 $16) 36... Nd5 37. Rb3 R3e5 38. Bf3 Ne3 39. Re1 g4 40.
Kf2 $2 (40. Bb7 $1 Nc4 41. Rxe5 Rxe5 42. a4 $16) 40... gxf3 $2 {Der letzte Zug
vor der Zeitkontrolle ist wie so oft ein Fehler.} ({Wesentlich zäher war} 40...
Nd1+ $1 41. Rxd1 gxf3 42. a4 Ra5 (42... Re2+ 43. Kxf3 Rxh2 44. Ra3 $16) 43. Rd4
Re2+ 44. Kxf3 Rxh2 $16) 41. Rbxe3 $18 Rxe3 42. Rxe3 Ra7 43. a3 Rb7 44. Kxf3 1-0